000 01572cab a2200229 4500
001 ABS45996
008 090401t1992 xxu||||| |||| 00| 0 eng d
035 _a(Sirsi) u56249
041 _aeng
245 _aStringer (VO) v J Sainsbury PLC and others
260 _c1992
350 _a0
490 _aRating Appeals
_v1992 RA 17-33(9)
520 _aLT 29 November 1991. A room containing six automated teller machines (ATMs) for dispensing bank notes was assessed, pursuant to a decision of an lvc, as part of a hereditament comprising supermarket and premises. VO appealed to LT and contended that the ATMs should be six separate hereditaments distinct from the supermarket. The ATMs comprised a secure room and an security lobby adjacent to the lobby of the supermarket, built as an integral part of it. Separate financial institutions supplied and installed the ATMs and computer links but they were operated and maintained by supermarket staff. The supermarket also arranged for the weekly cash delivery and ordered future cash supplies. The appeals were dismissed and the rateable value confirmed because the secure room and security lobby were in the rateable occupation of the supermarket and no other party, it was a complimentary joint venture, day to day management was carried out by the supermarket, the ATMs were not operated separate
650 _aAUTOMATED TELLER MACHINES
650 _aCASH MACHINES
650 _aRATEABLE OCCUPATION
650 _aRATING APPEALS
690 _aRATING AND VALUATION-CASE LAW
942 _n0
948 _c04/03/1997
999 _c34301
_d34301